000 00926nam a2200289 i 4500
003 EG-GICUC
005 20260203174050.0
008 260203s1932 fr |||fr||||| 000 0frea d
040 _aEG-GiCUC
_bfre
_cEG-GiCUC
_dEG-GiCUC
_eRda
082 0 4 _221
_a341.33
_bBO . H
092 0 4 _221
099 _aLaw1 11 341.33 BO . H 1932
100 1 _aBourgeois, Emile
_eAuteur
245 1 0 _aHistoire Diplomatique (1815-1870) /
_n
_cEmile Bourgeois.
_b
264 1 _aParis :
_bCentre Européen De La Dotation Carnegie,
_c1932.
300 _a246page :
_billustration ;
_c 24 cm.
336 _2rda contenu
_a texte
337 _2rda medias
_aOrdinateur
338 _2 transporteur rda
_a Ressource en ligne
504 _a
546 _aTexte en français
650 1 4 _aDroit international public
_2
651 1 _2
856 4 0 _uhttps://fll.law.cu.edu.eg/fulltext/bks/B11-07003.pdf
905 _a50
942 _2ddc
_cBK
_e21
_n0
999 _c60727
_d60727